Labková patrola. Hviezdne labky /
Pět příběhů podle televizního seriálu o partě obětavých štěňat. I během sportovních dnů v pobřežním městečku Adventure Bay se objeví problémy, které budou muset řešit.
Uloženo v:
| Série: | Labková patrola (SK),
část 0 |
|---|---|
| Další autoři: | |
| Médium: | E-kniha |
| Jazyk: | Slovak |
| Vydáno: |
V Prahe :
Egmont,
2022
|
| Vydání: | 1. vydanie |
| Edice: | Paw Patrol (Egmont)
|
| Témata: | |
| Příbuzné jednotky: | Z cyklu::
Labková patrola (SK) |
| Tagy: |
Žádné tagy |
| LEADER | 02363nam a2200541 i 4500 | ||
|---|---|---|---|
| 001 | 312327 | ||
| 003 | CZ PrSKC | ||
| 005 | 20260601215721.0 | ||
| 007 | ta | ||
| 008 | 220802s2022 xr a a 000 j slo | ||
| 015 | |a cnb003439776 | ||
| 020 | |a 9788025252857 |q (vázáno) | ||
| 035 | |a (OCoLC)1344359522 | ||
| 040 | |a ABG001 |b cze |d ABA001 |e rda | ||
| 041 | 1 | |a slo |h eng | |
| 072 | 7 | |a 821-93 |x Literatura pro děti a mládež (beletrie) |2 Konspekt | |
| 080 | |a 821-32 |2 MRF | ||
| 080 | |a 821-93 |2 MRF | ||
| 080 | |a (0:82-32) |2 MRF | ||
| 130 | 0 | |a All star pups. |l Slovensky | |
| 245 | 1 | 0 | |a Labková patrola. |p Hviezdne labky / |c preložila Veronika Balúchová |
| 246 | 3 | 0 | |a Hviezdne labky |
| 250 | |a 1. vydanie | ||
| 264 | 1 | |a V Prahe : |b Egmont, |c 2022 | |
| 300 | |a 120 stran ; |b barevné ilustrace ; |c 28 cm | ||
| 336 | |a text |b txt |2 rdacontent | ||
| 336 | |a statický obraz |b sti |2 rdacontent | ||
| 337 | |a bez média |b n |2 rdamedia | ||
| 338 | |a svazek |b nc |2 rdacarrier | ||
| 490 | 1 | |a Paw Patrol | |
| 500 | |a Přeloženo z angličtiny | ||
| 500 | |a Nad názvem uvedeno původní nakladatelství Nickelodeon | ||
| 505 | 0 | 0 | |t Labky zachraňujú športový deň -- |t Hviezdne labky -- |t Labky zachraňujú futbalový zápas -- |t Labky zachraňujú basketbalový zápas -- |t Labky zachraňujú leteckú šou |
| 520 | 2 | |a Pět příběhů podle televizního seriálu o partě obětavých štěňat. I během sportovních dnů v pobřežním městečku Adventure Bay se objeví problémy, které budou muset řešit. | |
| 521 | 8 | |a Pro děti od 4 let | |
| 655 | 7 | |a příběhy |7 fd133204 |2 czenas | |
| 655 | 7 | |a publikace pro děti |7 fd133156 |2 czenas | |
| 655 | 9 | |a stories |2 eczenas | |
| 655 | 9 | |a children's literature |2 eczenas | |
| 700 | 1 | |a Baluchová, Veronika |7 ola20191025268 |4 trl | |
| 830 | 0 | |a Paw Patrol (Egmont) | |
| 900 | |a ABA001 |b 20 | ||
| 928 | 9 | |a Albatros Media - Egmont | |
| 044 | |a xr | ||
| 787 | 0 | 8 | |g 0 |i Z cyklu: |t Labková patrola (SK) |
| 910 | |a RBIT002 | ||
| 998 | |d 400871 |a https://core.palmknihy.cz/api/books/400871/cover?seqgoq |b https://core.palmknihy.cz/api/books/400871/cover/400?seqgoq |c https://core.palmknihy.cz/api/books/400871/cover/50?seqgoq |e 2026-06-30 |g 128 |i 9788025252857 |k https://core.palmknihy.cz/api/books/400871/preview.pdf |l |q 49 |r 1 |s https://www.palmknihy.cz/kniha/400871 |t ebook |y 2022 |z 0 |v Labková patrola (SK) |w 0 | ||
| 999 | |d 312325 | ||